00282nam a22000977a 4500008004100000082002000041100002300061245006300084260002800147300000900175230619b xxu||||| |||| 00| 0 eng d a306.2bVAL 1979 cElizabeth Vallance aWomen in the HousebA study of Women Members of Parliament bThe Athlone Pressc1979 a212p